000 01196nam a22002297a 4500
999 _c62966
_d62966
003 Ge_BSU
005 20250415173109.0
008 250415s2017 ge ||||| |||| 00| 0 geo d
020 _a9789941097522
041 _ageo
080 _a159.922.7(042.4) ვ-45
100 _aვიგოტსკი, ლევ
_924814
245 _aბავშვის ფსიქოლოგია :
_b(ლექციების კურსი) /
_cლევ ვიგოტსკი; მთარგმნელები: ნინა თურმანიძე, ლაშა ბულია; რედაქტორი თამაზ თურმანიძე.
264 _aთბილისი :
_bგეო,
_c2017.
300 _a160 გვ. ;
_b20 სმ.
653 _aბავშვთა ფსიქოლოგია
653 _aლექციების კურსი
700 _aთურმანიძე, ნინა
_eმთარგმნელი
_924815
700 _aბულია, ლაშა
_eმთარგმნელი
_911893
700 _aთურმანიძე, თამაზ
_eრედაქტორი
_911865
942 _2udc
_cᲬᲘᲒᲜᲘ